Arabische syntax /

Bibliographic Details
Main Author: Reckendorf, H. (Hermann), 1863-1924
Format: Book
Language:German
Published: Heidelberg : C. Winter, 1921.
Subjects:

MARC

Tag First Indicator Second Indicator Subfields
LEADER 00000cam a2200000 4500
001 in00000013660
005 20151007052412.0
008 721107s1921 gw b 00110 ger
010 |a  22021622  
035 |a (OCoLC)00487548 
035 |9 AAA7624AM 
040 |a DLC  |c OUN  |d TXA  |d UtOrBLW 
049 |a TXAM  |c [A11047266] 
050 0 |a PJ6381  |b .R4 
100 1 |a Reckendorf, H.  |q (Hermann),  |d 1863-1924. 
245 1 0 |a Arabische syntax /  |c von H. Reckendorf. 
264 1 |a Heidelberg :  |b C. Winter,  |c 1921. 
300 |a viii, 566 pages ;  |c 23 cm. 
336 |a text  |b txt  |2 rdacontent 
337 |a unmediated  |b n  |2 rdamedia 
338 |a volume  |b nc  |2 rdacarrier 
504 |a Includes bibliographical references and indexes. 
650 0 |a Arabic language  |x Syntax. 
999 |a MARS 
999 f f |s dd84f9bd-951e-3dfe-a178-15efe17404dd  |i eb9ab788-db01-3679-b66c-8f4f18f7b611  |t 0 
952 f f |p ric  |a Texas A&M University  |b Rellis Campus  |c Joint Library Facility  |s JLF  |d Remote Storage  |t 0  |e PJ6381 .R4  |h Library of Congress classification  |i unmediated -- volume  |m A14811047266 
998 f f |a PJ6381 .R4  |t 0  |l Remote Storage